Countries with the Highest Remittances (2020) - Statistics

General Stats
  • This quiz has been taken 143 times
  • The average score is 8 of 10
Answer Stats
Amount Country % Correct
83 India
97%
60 China
92%
26 Pakistan
88%
35 Philippines
86%
22 Bangladesh
85%
43 Mexico
78%
17 Vietnam
69%
17 Nigeria
63%
30 Egypt
60%
15 Ukraine
37%
No matching quizzes found
Score Distribution
Percent of People with Each Score
Percentile by Number Answered
Your Score History
You have not taken this quiz